| 000 | 00578nam a22002057a 4500 | ||
|---|---|---|---|
| 003 | OSt | ||
| 005 | 20140310181744.0 | ||
| 008 | 121211t xxu||||| |||| 00| 0 eng d | ||
| 020 | _a9710850369 | ||
| 050 |
_aPN 4121 _b.T161 1991 |
||
| 082 |
_aFIL 808.51 _bT15 1991 |
||
| 245 |
_aPublic speaking and speech improvement for Filipino students / _cTan, Arsenia B. |
||
| 250 | _a3rd edition | ||
| 260 |
_aManila: _bNational Book Store, _cc1991. |
||
| 300 |
_a422 p. _bill. _c22 cm. |
||
| 521 | _aBasic ed. students | ||
| 541 | _j1 | ||
| 562 | _e1 | ||
| 942 |
_2lcc _cBK-FIL _kFIL |
||
| 999 |
_c2909 _d2909 |
||